Chocolate-Covered Slideshow Quiz Stats

 Plays Quiz Updated Jun 12, 2015

Also try: M&M Minefield
Challenge
Share
Tweet
Score 0/24 Timer 05:00
6 Plays Today
% Correct
Strawberries
99.8%
Cherries
98.9%
Pretzels
98%
Bananas
97.7%
Clementines
97.2%
Onion
97%
Broccoli
95.1%
Corn dogs
92.5%
JalapeƱos
92.3%
Chicken wings
92%
Scorpion
91.3%
Almonds
90.1%
% Correct
Potato chips
89.8%
Fortune cookies
86.9%
Squid
86.5%
Gummi bears
86.2%
Cheese puffs
85.5%
Red Vines
81.9%
Raisins
78.2%
Twinkies
78%
Oreos
75%
Peeps
73.9%
Bacon
71.5%
Pickles
25.6%

You're not logged in!

Compare scores with friends on all Sporcle quizzes.
Join for Free
OR
Log In

You Might Also Like...

Show Comments

Extras

Top Quizzes Today


Score Distribution

Your Account Isn't Verified!

In order to create a playlist on Sporcle, you need to verify the email address you used during registration. Go to your Sporcle Settings to finish the process.

Report this User

Report this user for behavior that violates our Community Guidelines.

Details: